2025 Stat Leaders for Every Team - Statistics

General Stats
  • This quiz has been taken 12 times
  • The average score is 200 of 296
Answer Stats
Team Stat # Player % Correct
Houston Astros R 80 Jose Altuve
100%
Philadelphia Phillies HR 56 Kyle Schwarber
100%
Philadelphia Phillies R 111 Kyle Schwarber
100%
Philadelphia Phillies RBI 132* Kyle Schwarber
100%
Kansas City Royals AVG .295 Bobby Witt Jr.
92%
Kansas City Royals SB 38 Bobby Witt Jr.
92%
Kansas City Royals R 99 Bobby Witt Jr.
92%
Seattle Mariners W 15 Bryan Woo
92%
Seattle Mariners SO 198 Bryan Woo
92%
Seattle Mariners ERA 2.94 Bryan Woo
92%
Seattle Mariners WHIP 0.92 Bryan Woo
92%
Seattle Mariners HR 60* Cal Raleigh
92%
Seattle Mariners R 110 Cal Raleigh
92%
Seattle Mariners RBI 125 Cal Raleigh
92%
Philadelphia Phillies ERA 2.50 Cristopher Sánchez
92%
Philadelphia Phillies WHIP 1.06 Cristopher Sánchez
92%
Cincinnati Reds HR 22 Elly De La Cruz
92%
Cincinnati Reds SB 37 Elly De La Cruz
92%
Cincinnati Reds R 102 Elly De La Cruz
92%
Cincinnati Reds RBI 86 Elly De La Cruz
92%
Arizona Diamondbacks HR 36 Eugenio Suárez
92%
Cleveland Guardians W 12 Gavin Williams | Tanner Bibee
92%
Houston Astros SO 206 Hunter Brown
92%
Houston Astros ERA 2.43 Hunter Brown
92%
Houston Astros WHIP 1.03 Hunter Brown
92%
Athletics AVG .311 Jacob Wilson
92%
New York Mets HR 43 Juan Soto
92%
New York Mets SB 38 Juan Soto
92%
New York Mets R 120 Juan Soto
92%
Seattle Mariners AVG .267 Julio Rodríguez
92%
San Francisco Giants W 15 Logan Webb
92%
San Francisco Giants SO 224 Logan Webb
92%
San Francisco Giants ERA 3.22 Logan Webb
92%
San Diego Padres HR 27 Manny Machado
92%
San Diego Padres RBI 95 Manny Machado
92%
Atlanta Braves HR 29 Matt Olson
92%
Atlanta Braves AVG .272 Matt Olson
92%
Atlanta Braves R 98 Matt Olson
92%
Atlanta Braves RBI 95 Matt Olson
92%
Pittsburgh Pirates HR 20 Oneil Cruz
92%
Pittsburgh Pirates SB 38 Oneil Cruz
92%
Chicago Cubs R 91 Pete Crow-Armstrong | Kyle Tucker
92%
San Diego Padres SV 40 Robert Suarez
92%
Chicago White Sox W 7 Shane Smith | Davis Martin
92%
Los Angeles Dodgers HR 55 Shohei Ohtani
92%
Los Angeles Dodgers SB 20 Shohei Ohtani
92%
Los Angeles Dodgers R 146* Shohei Ohtani
92%
Los Angeles Dodgers RBI 102 Shohei Ohtani
92%
Philadelphia Phillies AVG .304 Trea Turner
92%
Philadelphia Phillies SB 36 Trea Turner
92%
Arizona Diamondbacks SO 175 Zac Gallen
92%
Arizona Diamondbacks ERA 4.83 Zac Gallen
92%
Arizona Diamondbacks WHIP 1.26 Zac Gallen
92%
Arizona Diamondbacks W 13 Zac Gallen | Brandon Pfaadt
92%
New York Yankees HR 53 Aaron Judge
83%
New York Yankees AVG .331* Aaron Judge
83%
New York Yankees R 137 Aaron Judge
83%
New York Yankees RBI 114 Aaron Judge
83%
Boston Red Sox SV 32 Aroldis Chapman
83%
Pittsburgh Pirates AVG .245 Bryan Reynolds
83%
Pittsburgh Pirates R 68 Bryan Reynolds
83%
Pittsburgh Pirates RBI 73 Bryan Reynolds
83%
Milwaukee Brewers HR 29 Christian Yelich
83%
Milwaukee Brewers RBI 103 Christian Yelich
83%
New York Yankees SV 18 Devin Williams
83%
New York Mets SV 28 Edwin Díaz
83%
San Diego Padres SB 32 Fernando Tatis Jr.
83%
San Diego Padres R 111 Fernando Tatis Jr.
83%
Houston Astros W 13 Framber Valdez
83%
Los Angeles Dodgers AVG .295 Freddie Freeman
83%
Milwaukee Brewers W 17 Freddy Peralta
83%
Milwaukee Brewers SO 204 Freddy Peralta
83%
Milwaukee Brewers ERA 2.70 Freddy Peralta
83%
Milwaukee Brewers WHIP 1.08 Freddy Peralta
83%
Boston Red Sox W 18 Garrett Crochet
83%
Boston Red Sox SO 255* Garrett Crochet
83%
Boston Red Sox ERA 2.59 Garrett Crochet
83%
Boston Red Sox WHIP 1.03 Garrett Crochet
83%
Cleveland Guardians SO 173 Gavin Williams
83%
Cleveland Guardians ERA 3.06 Gavin Williams
83%
Baltimore Orioles AVG .274 Gunnar Henderson
83%
Baltimore Orioles SB 30 Gunnar Henderson
83%
Baltimore Orioles R 85 Gunnar Henderson
83%
Baltimore Orioles RBI 68 Gunnar Henderson
83%
Baltimore Orioles HR 17 Gunnar Henderson | Jordan Westburg | Jackson Holliday
83%
Washington Nationals HR 31 James Wood
83%
Houston Astros AVG .304 Jeremy Peña
83%
Houston Astros SB 20 Jeremy Peña
83%
Cleveland Guardians HR 30 José Ramírez
83%
Cleveland Guardians AVG .283 José Ramírez
83%
Cleveland Guardians SB 44 José Ramírez
83%
Cleveland Guardians R 103 José Ramírez
83%
Cleveland Guardians RBI 85 José Ramírez
83%
Texas Rangers AVG .251 Josh Jung | Josh Smith
83%
Pittsburgh Pirates W 10 Paul Skenes
83%
Pittsburgh Pirates SO 216 Paul Skenes
83%
Pittsburgh Pirates ERA 1.97* Paul Skenes
83%
Pittsburgh Pirates WHIP 0.95 Paul Skenes
83%
New York Mets AVG .272 Pete Alonso
83%
New York Mets RBI 126 Pete Alonso
83%
Chicago Cubs SB 35 Pete Crow-Armstrong
83%
St. Louis Cardinals W 14 Sonny Gray
83%
St. Louis Cardinals SO 201 Sonny Gray
83%
St. Louis Cardinals ERA 4.28 Sonny Gray
83%
St. Louis Cardinals WHIP 1.23 Sonny Gray
83%
Cleveland Guardians WHIP 1.23 Tanner Bibee
83%
Tampa Bay Rays AVG .300 Yandy Díaz
83%
Los Angeles Dodgers W 12 Yoshinobu Yamamoto
83%
Los Angeles Dodgers SO 201 Yoshinobu Yamamoto
83%
Los Angeles Dodgers ERA 2.49 Yoshinobu Yamamoto
83%
Los Angeles Dodgers WHIP 0.99 Yoshinobu Yamamoto
83%
Minnesota Twins HR 35 Byron Buxton
75%
Minnesota Twins AVG .264 Byron Buxton
75%
Minnesota Twins SB 24 Byron Buxton
75%
Minnesota Twins R 97 Byron Buxton
75%
Minnesota Twins RBI 83 Byron Buxton
75%
Atlanta Braves SO 165 Chris Sale
75%
Houston Astros HR 27 Christian Walker
75%
Houston Astros RBI 88 Christian Walker
75%
Arizona Diamondbacks SB 32 Corbin Carroll
75%
Arizona Diamondbacks R 107 Corbin Carroll
75%
Toronto Blue Jays HR 32 George Springer
75%
Toronto Blue Jays SB 18 George Springer
75%
Toronto Blue Jays R 106 George Springer
75%
Texas Rangers W 12 Jacob deGrom
75%
Texas Rangers SO 185 Jacob deGrom
75%
Texas Rangers ERA 2.97 Jacob deGrom
75%
Texas Rangers WHIP 0.92 Jacob deGrom
75%
Minnesota Twins SV 16 Jhoan Duran
75%
Philadelphia Phillies SV 16 Jhoan Duran
75%
Minnesota Twins W 13 Joe Ryan
75%
Minnesota Twins SO 194 Joe Ryan
75%
Minnesota Twins ERA 3.42 Joe Ryan
75%
Minnesota Twins WHIP 1.04 Joe Ryan
75%
Tampa Bay Rays HR 45 Junior Caminero
75%
Tampa Bay Rays R 93 Junior Caminero
75%
Tampa Bay Rays RBI 110 Junior Caminero
75%
New York Yankees W 19* Max Fried
75%
New York Yankees ERA 2.86 Max Fried
75%
Athletics HR 36 Nick Kurtz
75%
Atlanta Braves SV 29 Raisel Iglesias
75%
Detroit Tigers HR 36 Riley Greene
75%
Detroit Tigers R 84 Riley Greene
75%
Detroit Tigers RBI 111 Riley Greene
75%
Chicago White Sox SO 145 Shane Smith
75%
San Francisco Giants HR 30 Willy Adames
75%
San Francisco Giants SB 12 Willy Adames
75%
San Francisco Giants R 94 Willy Adames
75%
San Francisco Giants RBI 87 Willy Adames
75%
Seattle Mariners SV 38 Andrés Muñoz
67%
Cincinnati Reds ERA 2.87 Andrew Abbott
67%
Cincinnati Reds WHIP 1.15 Andrew Abbott
67%
Toronto Blue Jays AVG .311 Bo Bichette
67%
Toronto Blue Jays RBI 94 Bo Bichette
67%
Athletics R 92 Brent Rooker
67%
New York Yankees SO 203 Carlos Rodón
67%
New York Yankees WHIP 1.05 Carlos Rodón
67%
Washington Nationals AVG .257 CJ Abrams
67%
Washington Nationals SB 31 CJ Abrams
67%
Washington Nationals R 92 CJ Abrams
67%
Washington Nationals RBI 94 CJ Abrams
67%
New York Mets W 12 Clay Holmes
67%
New York Mets ERA 3.53 Clay Holmes
67%
New York Mets WHIP 1.30 Clay Holmes
67%
Cleveland Guardians SV 24 Emmanuel Clase
67%
Arizona Diamondbacks AVG .290 Geraldo Perdomo
67%
Arizona Diamondbacks RBI 100 Geraldo Perdomo
67%
Philadelphia Phillies W 15 Jesús Luzardo
67%
Philadelphia Phillies SO 216 Jesús Luzardo
67%
Los Angeles Angels HR 37 Jo Adell
67%
Houston Astros SV 28 Josh Hader
67%
Toronto Blue Jays SO 189 Kevin Gausman
67%
Toronto Blue Jays ERA 3.59 Kevin Gausman
67%
Toronto Blue Jays WHIP 1.06 Kevin Gausman
67%
Miami Marlins HR 25 Kyle Stowers
67%
San Diego Padres AVG .292 Luis Arráez
67%
Chicago Cubs HR 34 Michael Busch
67%
Atlanta Braves SB 20 Michael Harris II
67%
San Francisco Giants SV 17 Ryan Walker
67%
Los Angeles Dodgers SV 23 Tanner Scott
67%
Detroit Tigers SO 241 Tarik Skubal
67%
Detroit Tigers ERA 2.21 Tarik Skubal
67%
Detroit Tigers WHIP 0.89* Tarik Skubal
67%
Los Angeles Angels R 86 Taylor Ward
67%
Los Angeles Angels RBI 103 Taylor Ward
67%
Athletics RBI 93 Tyler Soderstrom
67%
St. Louis Cardinals SB 34 Victor Scott II
67%
Milwaukee Brewers SB 24 Brice Turang
58%
Milwaukee Brewers R 97 Brice Turang
58%
Tampa Bay Rays SB 44 Chandler Simpson
58%
San Diego Padres SO 215 Dylan Cease
58%
Colorado Rockies HR 31 Hunter Goodman
58%
Colorado Rockies AVG .278 Hunter Goodman
58%
Colorado Rockies R 73 Hunter Goodman
58%
Colorado Rockies RBI 91 Hunter Goodman
58%
Los Angeles Angels W 10 José Soriano
58%
Colorado Rockies SO 124 Kyle Freeland
58%
Colorado Rockies ERA 4.98 Kyle Freeland
58%
Colorado Rockies WHIP 1.42 Kyle Freeland
58%
Athletics SB 22 Lawrence Butler
58%
Chicago White Sox SB 33 Luis Robert Jr.
58%
Athletics SV 20 Mason Miller
58%
St. Louis Cardinals R 72 Masyn Winn
58%
Chicago Cubs AVG .297 Nico Hoerner
58%
Miami Marlins RBI 77 Otto López
58%
Seattle Mariners SB 31 Randy Arozarena
58%
Milwaukee Brewers AVG .288 Sal Frelick | Brice Turang
58%
Miami Marlins W 11 Sandy Alcantara
58%
Miami Marlins ERA 5.36 Sandy Alcantara
58%
Miami Marlins WHIP 1.27 Sandy Alcantara
58%
Texas Rangers SV 9 Shawn Armstrong | Robert Garcia | Luke Jackson
58%
Boston Red Sox HR 25 Trevor Story
58%
Boston Red Sox AVG .263 Trevor Story
58%
Boston Red Sox SB 31 Trevor Story
58%
Boston Red Sox R 91 Trevor Story
58%
Boston Red Sox RBI 96 Trevor Story
58%
Kansas City Royals HR 32 Vinnie Pasquantino
58%
Kansas City Royals RBI 113 Vinnie Pasquantino
58%
St. Louis Cardinals HR 20 Willson Contreras
58%
St. Louis Cardinals RBI 80 Willson Contreras
58%
Texas Rangers HR 22 Wyatt Langford
58%
Texas Rangers SB 22 Wyatt Langford
58%
Texas Rangers R 73 Wyatt Langford
58%
Miami Marlins AVG .283 Xavier Edwards
58%
Miami Marlins SB 27 Xavier Edwards
58%
Miami Marlins R 75 Xavier Edwards
58%
Los Angeles Angels SB 26 Zach Neto
58%
Texas Rangers RBI 75 Adolis García
50%
Cincinnati Reds W 14 Brady Singer
50%
Cincinnati Reds SO 163 Brady Singer
50%
Miami Marlins SO 150 Edward Cabrera
50%
Baltimore Orioles SV 19 Félix Bautista
50%
New York Yankees SB 31 Jazz Chisholm Jr.
50%
Toronto Blue Jays SV 33 Jeff Hoffman
50%
Chicago Cubs W 14 Matthew Boyd
50%
Chicago Cubs SO 154 Matthew Boyd
50%
Chicago Cubs ERA 3.21 Matthew Boyd
50%
Chicago Cubs WHIP 1.09 Matthew Boyd
50%
San Diego Padres ERA 2.87 Nick Pivetta
50%
San Diego Padres WHIP 0.99 Nick Pivetta
50%
San Diego Padres W 13 Nick Pivetta | Adrián Morejón
50%
St. Louis Cardinals SV 21 Ryan Helsley
50%
Chicago Cubs RBI 103 Seiya Suzuki
50%
Tampa Bay Rays SO 176 Shane Baz
50%
Arizona Diamondbacks SV 10 Shelby Miller
50%
Kansas City Royals SV 42* Carlos Estévez
42%
Detroit Tigers W 14 Casey Mize
42%
Toronto Blue Jays W 11 Chris Bassitt
42%
Chicago Cubs SV 22 Daniel Palencia
42%
Los Angeles Angels SV 29 Kenley Jansen
42%
Washington Nationals SV 20 Kyle Finnegan
42%
Chicago White Sox HR 22 Lenyn Sosa
42%
Chicago White Sox AVG .264 Lenyn Sosa
42%
Chicago White Sox RBI 75 Lenyn Sosa
42%
Washington Nationals SO 184 MacKenzie Gore
42%
Tampa Bay Rays SV 27 Pete Fairbanks
42%
Tampa Bay Rays W 11 Ryan Pepiot
42%
Tampa Bay Rays ERA 3.86 Ryan Pepiot
42%
Tampa Bay Rays WHIP 1.16 Ryan Pepiot
42%
Detroit Tigers AVG .259 Zach McKinstry
42%
Detroit Tigers SB 19 Zach McKinstry
42%
St. Louis Cardinals AVG .290 Alec Burleson
33%
Pittsburgh Pirates SV 17 David Bednar
33%
New York Mets SO 150 David Peterson
33%
Baltimore Orioles W 11 Dean Kremer
33%
Baltimore Orioles SO 142 Dean Kremer
33%
Baltimore Orioles ERA 4.19 Dean Kremer
33%
Baltimore Orioles WHIP 1.21 Dean Kremer
33%
Colorado Rockies SB 19 Jordan Beck
33%
San Francisco Giants AVG .266 Jung Hoo Lee
33%
Kansas City Royals W 10 Michael Wacha
33%
Kansas City Royals ERA 3.86 Michael Wacha
33%
Kansas City Royals WHIP 1.22 Michael Wacha
33%
Los Angeles Angels AVG .264 Nolan Schanuel
33%
Colorado Rockies SV 11 Seth Halvorsen
33%
Colorado Rockies W 6 Tanner Gordon
33%
Los Angeles Angels SO 174 Yusei Kikuchi
33%
Los Angeles Angels ERA 3.99 Yusei Kikuchi
33%
Atlanta Braves W 8 Bryce Elder
25%
Washington Nationals W 9 Jake Irvin | Mitchell Parker
25%
Washington Nationals WHIP 1.43 Jake Irvin | Mitchell Parker
25%
Athletics W 11 Jeffrey Springs
25%
Athletics SO 138 Jeffrey Springs
25%
Athletics ERA 4.11 Jeffrey Springs
25%
Athletics WHIP 1.21 Jeffrey Springs
25%
Kansas City Royals SO 127 Michael Lorenzen
25%
Chicago White Sox R 80 Miguel Vargas
25%
Washington Nationals ERA 5.68 Mitchell Parker
25%
San Francisco Giants WHIP 1.21 Robbie Ray
25%
Milwaukee Brewers SV 30 Trevor Megill
25%
Miami Marlins SV 15 Calvin Faucher
17%
Cincinnati Reds SV 32 Emilio Pagán
17%
Cincinnati Reds AVG .269 Gavin Lux
17%
Los Angeles Angels WHIP 1.28 Kyle Hendricks
17%
Detroit Tigers SV 23 Will Vest
17%
Chicago White Sox SV 7 Jordan Leasure
8%
No matching quizzes found
Score Distribution
Percent of People with Each Score
Percentile by Number Answered
Your Score History
You have not taken this quiz